00670nam a2200193Ia 4500952014900000999001500149003000400164005001700168008004100185040000900226082001800235100002800253245006100281250001200342260004700354300000900401650002400410942004200434 00102ddc40708CHEMISTRYaMESbMEScCHEd2019-02-20g35.00l3m4o541.22 COT/Cp17352r2026-04-13 12:36:19s2026-02-05w2019-02-20yBKzGL26R2 c2603d2603OSt20211102105427.0190216s9999||||xx |||||||||||||| ||und|| coclc a541.22bCOT/C aCotton, F Albert 94076 0aChemical Applications Of Group Theory /cF Albert Cotton a2nd Ed. bWiley Eastern Limited, c1971.aNew Delhi: a386p aChemistry-Chemistry cBK2ddch541.22iCOT/Ck541.22mCOT/C